Meranie hodnôt prúdu iónového zväzku s mimoriadne vysokou mierou bezpečnosti a spoľahlivosti
Na minha lista:
| Autor principal: | |
|---|---|
| Outros Autores: | |
| Formato: | Manuscrito Livro |
| Idioma: | eslovaco inglês |
| Publicado em: |
2022
|
| Assuntos: | |
| Acesso em linha: | http://is.stuba.sk/zp/portal_zp.pl?podrobnosti=155201 |
| Tags: |
Sem tags, seja o primeiro a adicionar uma tag!
|
MARC
| LEADER | 00000ntm a22000003a 4500 | ||
|---|---|---|---|
| 001 | stuzp88109 | ||
| 003 | SK-STU | ||
| 005 | 20220625211059.8 | ||
| 007 | ta | ||
| 008 | 150427s2015----xo-----f-mn---000-0-slo-d | ||
| 040 | |a STU |b slo | ||
| 041 | 0 | |a eng | |
| 100 | 1 | |a Tvrďák, Radovan |u 070200 |4 aut |U FIIT Fakulta informatiky a informačných technológií |T FIIT Ústav informatiky, informačných systémov a softvérového inžinierstva |X 103168 |U I200 |Y 179 |7 103168 | |
| 242 | 0 | 1 | |a Meranie hodnôt prúdu iónového zväzku s mimoriadne vysokou mierou bezpečnosti a spoľahlivosti |y slo |
| 245 | 1 | 0 | |a Meranie hodnôt prúdu iónového zväzku s mimoriadne vysokou mierou bezpečnosti a spoľahlivosti |
| 260 | |c 2022 | ||
| 650 | 4 | |a ROOT |2 slo | |
| 650 | 4 | |a vzdialené ovládanie |2 slo | |
| 650 | 4 | |a pikoampérmeter |2 slo | |
| 650 | 4 | |a iónový zväzok |2 slo | |
| 650 | 4 | |a experimenty v jadrovej fyzike |2 slo | |
| 650 | 4 | |a ROOT |2 eng | |
| 650 | 4 | |a picoammeter |2 eng | |
| 650 | 4 | |a ion beam |2 eng | |
| 650 | 4 | |a remote control |2 eng | |
| 650 | 4 | |a nuclear physics experiments |2 eng | |
| 700 | 1 | |a Matoušek, Vladislav |4 ths |X 71146 |7 A000071146 | |
| 856 | 4 | |u http://is.stuba.sk/zp/portal_zp.pl?podrobnosti=155201 | |